00257nam a22000857a 4500008004100000082002000041245008500061260001700146300000800163230704b xxu||||| |||| 00| 0 eng d a362.1bUNA 1999 aChildren Orphaned by AIDSbFront-Line Responses from EAstern and Southern Africa bUNICEFc1999 a36p